Escudos de Times de Futebol⚽ - Statistics

Estatísticas Gerais
  • Esse quiz foi jogado 7 488 vezes
  • A pontuação média é 14 de 16
Estatísticas das Respostas
Imagem Resposta % Correto
Flamengo
100%
Barcelona
99%
Juventus
96%
Real Madrid
96%
Paris Saint-Germain
95%
Chelsea
94%
Arsenal
88%
Atlético Madrid
88%
Liverpool
84%
Boca Juniors
82%
A.S. Roma
81%
Borussia Dortmund
80%
Bayern Munich
79%
Manchester United
74%
Manchester City
73%
Tottenham
73%
Nenhum quiz correspondente encontrado
Distribuição das Pontuações
Porcentagem de Pessoas com Cada Pontuação
Percentil de Números Respondidos
Sua Pontuação Histórica
Você não jogou esse quiz